| 000 | 00842nam a2200229Ii 4500 | ||
|---|---|---|---|
| 003 | JO-AjNU | ||
| 008 | 230605s9999||||xx |||||||||||||| ||und|| | ||
| 017 | _a2015/1429 | ||
| 020 | _a978-9957-07-816-4 | ||
| 040 |
_aJO-AjNU _bara _erda _cJO-AjNU |
||
| 041 | _aara | ||
| 050 | 1 | 4 | _aRJ506 2011 |
| 100 | 3 |
_aالزراع ، نايف عابد/ م مشارك يحيى فوزي عبيدات, _eauthor _942953 |
|
| 245 | 0 | 0 | _aالطلاب ذوو اضطرابات طيف التوحد ممارسة التدريس الفعالة=Students With AUTISMsPECTRUM Disorders |
| 250 | _aط1 | ||
| 264 | 3 | 1 | _aعمان:دار الفكر للنشر ،2011 |
| 300 | _a500ص | ||
| 336 |
_atext _btxt _2rdacontent |
||
| 337 |
_aunmediated _bn _2rdamedia |
||
| 338 |
_avolume _bnc _2rdacarrier |
||
| 650 | 4 |
_aالتوحد - الامراض النفسية _942954 |
|
| 999 |
_aA18430 _c21998 _d21998 |
||